000 00868nam a2200313 a 4500
003 AR-BaBNM
005 20251128203030.0
008 082120s2002 ||||||||||||||000 | spa||
040 _cAR-BaBNM
100 1 _aAlposta, Luis
245 0 0 _aVilla Urquiza
_bsus orígenes
260 _aBuenos Aires
_bFundación Banco de Boston
_c1989
300 _a72 p.
_bláms., mapas
490 0 _aCuadernos del águila
_vv. 5
500 _aContiene referencias bibliográficas en p. 69
650 4 _aCOSTUMBRES Y TRADICIONES
650 4 _aMONUMENTOS HISTORICOS
650 4 _aHISTORIA DE BUENOS AIRES
650 4 _aBIENES CULTURALES
650 4 _aARQUITECTURA
650 4 _aURBANISMO
650 4 _aEDIFICIOS
650 4 _aVIDA SOCIAL
650 4 _aVIDA CULTURAL
650 4 _aBARRIOS
651 4 _aBuenos Aires [Capital Federal]
942 _cBK
998 _cMARTIN
999 _c1596
_d1596